000
00331nam a2200145 4500
005
20260311161007.0
008
CU66
020
_a
0852974426
050
_a
HG 1621 COY
245
_a
INTEREST RATE OPTIONS
260
_a
LONDON
_b
FINANACIAL WORLD PUB.
_c
2001
300
_a
153p.,INDEX
500
_a
GLOSSARY,INDEX
942
_2
lcc
_c
BK
_n
0
999
_c
8935
_d
8935